00213nam a2200085Ia 4500008004100000100002200041245003600063260001900099260000900118170617s9999 xx 000 0 und d aSingh Devendra M. 0aMolicular Biology & tool & Tech bMeerut Pragati c2009